Zbierka colných a devízových predpisov 1. Colné predpisy. 2. Aktuálne colné minimum

Na minha lista:
Detalhes bibliográficos
Autor principal: Latta, Milan
Formato: Livro
Idioma:eslovaco
Publicado em: Bratislava Eurounion 1994
Edição:1. vyd.
Assuntos:
Tags: Adicionar Tag
Sem tags, seja o primeiro a adicionar uma tag!

MARC

LEADER 00000nam a2200000 4500
001 c005704
005 20230228104503.1
020 |a 80-85568-37-3 
041 0 |a slo 
044 |a SK 
245 1 0 |a Zbierka colných a devízových predpisov  |b 1. Colné predpisy. 2. Aktuálne colné minimum  |c Milan Latta 
250 |a 1. vyd. 
264 1 |a Bratislava  |b Eurounion  |c 1994 
300 |a 130 s. 
610 2 0 |a predpisy colné 
610 2 0 |a predpisy devízové 
610 2 0 |a dovoz 
610 2 0 |a vývoz 
610 2 0 |a zákony 
610 2 0 |a Slovensko 
610 2 0 |a 1974 
610 2 0 |a 1992 
610 2 0 |a 1993 
100 1 |a Latta, Milan